000
00295nam a2200133Ia 4500
008
191201s2011 xx 000 0 und d
100
_a
KAZIMI, S.M.A
245
0
_a
Solid Mechanics
250
_a
Rep
260
_a
N. Delhi
_b
TMH
_c
2011
300
_a
448
650
_a
B.Tech(CE)
942
_2
ddc
_c
BK
999
_c
5298
_d
5298